The Librarians' glossary: of terms used in Librarianship and the book crafts and reference book. (3rd ed.) (Record no. 49157)

MARC details
000 -LEADER
fixed length control field 00675nam a2200181 a 4500
008 - FIXED-LENGTH DATA ELEMENTS--GENERAL INFORMATION
fixed length control field 120416s1971 ||||||||||||||||| || u
020 ## - INTERNATIONAL STANDARD BOOK NUMBER
International Standard Book Number 0233963340
050 ## - LIBRARY OF CONGRESS CALL NUMBER
Classification number Z 1006 Har
100 ## - MAIN ENTRY--PERSONAL NAME
Personal name Harrod, Leonard Montague
245 14 - TITLE STATEMENT
Title The Librarians' glossary: of terms used in Librarianship and the book crafts and reference book. (3rd ed.)
250 ## - EDITION STATEMENT
Edition statement 3rd ed.
260 ## - PUBLICATION, DISTRIBUTION, ETC.
Place of publication, distribution, etc. London:
Name of publisher, distributor, etc. Andrea Deutch
Date of publication, distribution, etc. 1971
300 ## - PHYSICAL DESCRIPTION
Extent 784p.
350 ## - PRICE (NR) (BK AM CF MU VM SE) [OBSOLETE]
Price 0.00
650 ## - SUBJECT ADDED ENTRY--TOPICAL TERM
Topical term or geographic name entry element LIBRARIANSHIP--DICTIONARIES
650 ## - SUBJECT ADDED ENTRY--TOPICAL TERM
Topical term or geographic name entry element LIBRARIANSHIP--HANDBOOKS, MANUALS, ETC
995 ## - RECOMMENDATION 995 [LOCAL, UNIMARC FRANCE]
-- 0.00
-- CBU-MAIN LIBRARY (Kitwe)
-- 1
-- 13.00
-- 1
-- REFERENCE
-- Reference Collection
Holdings
Withdrawn status Lost status Source of classification or shelving scheme Damaged status Not for loan Home library Current library Shelving location Date acquired Total Checkouts Full call number Barcode Date last seen Price effective from Koha item type
          CBU-MAIN LIBRARY, KITWE. CBU-MAIN LIBRARY, KITWE.   11/30/2022   Z 1006 Har 022995 11/30/2022 11/30/2022 MONOGRAPH